| 000 | 00614nam a2200217Ia 4500 | ||
|---|---|---|---|
| 999 |
_c2673 _d2673 |
||
| 007 | ta | ||
| 008 | 230120s2016 us ||||gd|||||||| ||und|| | ||
| 020 |
_a9781633692176 _cRs. 699.00 |
||
| 040 |
_aKO _beng |
||
| 041 | 0 | _aeng | |
| 044 | _aii | ||
| 082 | 0 | 4 |
_a658.456 _bH2611 _223 |
| 100 | 1 | _aHarvard Business Review | |
| 245 | 0 |
_a HBR guide to making every meeting matter / _cHarvard Business Review |
|
| 260 |
_aBoston : _bHarvard Business Review Press , _c2016 |
||
| 300 |
_axi, 225 p. ; _c 22.5 cm. |
||
| 650 |
_aBusiness meetings _xPlanning _vTextbook |
||
| 904 | _aA_BOSE | ||
| 942 |
_2ddc _cBK |
||